| 000 | 00412nam a2200097Ia 4500 | ||
|---|---|---|---|
| 008 | 220216s9999 xx 000 0 und d | ||
| 100 | _aGeorge K M | ||
| 245 | 0 | _aRecent developments in vulcanizing curing techniques | |
| 260 | _bHandbook of Rubber Technology. V.1. Natural, Synthetic Rubber and Technology of Vulcanization (J.M. Martin and W.K. Smith), CBS Publishers and Distributors, New Delhi, 2010 | ||
| 942 | _cBS | ||
| 999 |
_c53152 _d53152 |
||